Príspevok ku skúmaniu momentových a prúdových pomerov indukčného motora napájaného neharmonickým napätím : Kand.diz.práca : V.odb. 26-02-9 : Obh. 16.12.1983 : Projekt III-5-1/2 /
Enregistré dans:
| Auteur principal: | |
|---|---|
| Autres auteurs: | |
| Format: | Manuscrit Livre |
| Publié: |
Bratislava :
SVŠT v Bratislave EF,
1983
|
| Sujets: | |
| Tags: |
Pas de tags, Soyez le premier à ajouter un tag!
|
MARC
| LEADER | 00000ntm a22000003a 4500 | ||
|---|---|---|---|
| 001 | stu4571 | ||
| 005 | 20150617225814.3 | ||
| 008 | ------s1983----------------------------d | ||
| 040 | |a STU |b slo | ||
| 041 | 0 | ||
| 100 | 1 | |a Wagner, Juraj |4 aut | |
| 245 | 1 | |a Príspevok ku skúmaniu momentových a prúdových pomerov indukčného motora napájaného neharmonickým napätím : |b Kand.diz.práca : V.odb. 26-02-9 : Obh. 16.12.1983 : Projekt III-5-1/2 / |c [aut.] Wagner,Juraj, Ing.; Škol. Hruškovič,Ladislav | |
| 260 | |a Bratislava : |b SVŠT v Bratislave EF, |c 1983 | ||
| 300 | |a 239 s : |b príl + |c Autoref.1983, 29 s | ||
| 650 | 7 | |a elektrické stroje |2 stusub | |
| 650 | 7 | |a asynchrónne motory |2 stusub | |
| 650 | 7 | |a matematické modelovanie indukčných motorov |2 stusub | |
| 700 | 1 | |a Hruškovič, Ladislav |4 ths |u E120 |U FEI Fakulta elektrotechniky a informatiky |T FEI Katedra elektrických strojov a prístrojov |U E120 |Y 58 | |
| 996 | |b 284ED00869 |c E*KDIZ-400 |l EE01 |s A |a 24 |w stu4571_0001 | ||